000 00464nam a22001817a 4500
999 _c190751
_d190751
005 20220804104545.0
010 _aENG-134252
020 _c250.00
035 _aEN-117784
037 _bDBAD/PUB
082 _a230.4
100 _aMahapatra, Ramesh Chandra
245 _aDadhypata Bhakti/
_cRamesh Chandra Mahapatra
260 _aCuttack
_bNishabda
_c2019
270 _bCuttack
300 _a216p.
_c21cm(hb)
942 _2ddc
_cEN
_h230.4
_mMAH